000 00990cad a22002295a 4500
001 L155896
008 120420s2011 xxko f 000 0 eng d
035 _a(Sirsi) u155896
041 0 _aeng
110 1 _aNHBC Foundation
_94948
245 0 0 _aProspects for the UK house building industry
_h[electronic resource]
260 _aMilton Keynes
_bNHBC Foundation
_c2011
490 0 _aNF
_v39
520 _aThis research presents the results of a survey of senior housebuilding managers, social housing providers and industry experts to gather views on what issues, if unaddressed, may constrain housing supply.
521 2 _aAdvanced
590 _aKA
651 4 _aUnited Kingdom
_y
690 _aConstruction management
_96230
690 _aResidential property
_96266
856 4 0 _uhttps://nhbcfoundation.org/Researchpublications/ProspectsfortheUKhousebuildingindustryNF39/tabid/495/Default.aspx
_zLogin or register to view the report (PDF file) at www.nhbcfoundation.org
942 _n0
999 _c113904
_d113904